000 00612nam a22002171 4500
001 134221
003 ES-MaACL
005 20230906194627.0
007 t|
008 070906q19501959sp ||||0| spa d
016 7 _zIND2000943871
040 _aM-BN
_bspa
_cCDM
080 _a658.8(02)
100 1 _aWheeler, Elmer.
_9116615
245 1 0 _aCómo aumentar las ventas /
_cElmer Wheeler ; [traducción de Víctor Scholz].
260 _aBarcelona :
_bMateu,
_c[195-?]
300 _a165 p. ;
_c17 cm.
650 1 4 _aVenta.
_917760
700 1 _aScholz, Víctor.
_9104643
852 _aES-MaACL
_jE-946
_bR.26353
999 _c134221
_d134221